书目信息 |
| 题名: |
随侍溥仪三十三年
|
|
| 作者: | 李国雄 忆述 ;王庆祥 撰著 | |
| 分册: | ||
| 出版信息: | 北京 人民日报出版社 2012.10 |
|
| 页数: | 15,370页 | |
| 开本: | 23cm | |
| 丛书名: | ||
| 单 册: | ||
| 中图分类: | K827=72 , K827.6 | |
| 科图分类: | ||
| 主题词: | ||
| 电子资源: | ||
| ISBN: | 978-7-5115-1180-5 | |
| 000 | 00842nam0 2200265 450 | |
| 001 | 010050017859 | |
| 005 | 20130608171125.03 | |
| 010 | @a978-7-5115-1180-5@dCNY48.00 | |
| 100 | @a20121119d2012 em y0chiy50 ea | |
| 101 | 0 | @achi |
| 102 | @aCN@b110000 | |
| 105 | @aa z 000yb | |
| 106 | @ar | |
| 200 | 1 | @a随侍溥仪三十三年@9sui shi pu yi san shi san nian@e插图增补本@f李国雄忆述@g王庆祥撰著 |
| 210 | @a北京@c人民日报出版社@d2012.10 | |
| 215 | @a15,370页@d23cm | |
| 330 | @a本书共分为六章,主要内容包括:伴驾;伴公;伴鬼;伴囚;伴罪;伴影。 | |
| 600 | 0 | @a爱新觉罗·溥仪@f(1906-1967)@x生平事迹 |
| 600 | 0 | @a爱新觉罗·溥仪@f(1906-1967) |
| 690 | @aK827=72@v5 | |
| 690 | @aK827.6@v4 | |
| 701 | 0 | @a李国雄@9li guo xiong@4忆述 |
| 702 | 0 | @a王庆祥@9wang qing xiang@4撰著 |
| 801 | 0 | @aCN@bRENTIAN@c20121119 |
| 905 | @dK827.6@e110LG | |
| 随侍溥仪三十三年:插图增补本/李国雄忆述/王庆祥撰著.-北京:人民日报出版社,2012.10 |
| 15,370页;23cm |
| ISBN 978-7-5115-1180-5:CNY48.00 |
| 本书共分为六章,主要内容包括:伴驾;伴公;伴鬼;伴囚;伴罪;伴影。 |
| ● |
| 相关链接 |
|
|
|
|
正题名:随侍溥仪三十三年
索取号:K827.6/110LG
 
预约/预借
| 序号 | 登录号 | 条形码 | 馆藏地/架位号 | 状态 | 备注 |
| 1 | 0544263 | 205442635 | 第二样本阅览室/ [索取号:K827.6/110LG] | 在馆 | |
| 2 | 0544264 | 205442644 | 第二借阅区/ [索取号:K827.6/110LG] | 在馆 | |
| 3 | 0544265 | 205442653 | 第二借阅区/ [索取号:K827.6/110LG] | 在馆 | |
| 4 | 0544266 | 205442662 | 第二借阅区/ [索取号:K827.6/110LG] | 在馆 | |
| 5 | 0544267 | 205442671 | 第二借阅区/ [索取号:K827.6/110LG] | 在馆 |